LIBRARY & INFORMATION CENTRE, KCAET, TAVANUR

ONLINE PUBLIC ACCESS CATALOGUE (OPAC)

Nano food packaging: a new post harvest venture (Record no. 13994)

MARC details
000 -LEADER
fixed length control field 00284nam a22001097a 4500
020 ## - INTERNATIONAL STANDARD BOOK NUMBER
ISBN 9789380428840
082 ## - DEWEY DECIMAL CLASSIFICATION NUMBER
Classification number 664.092
Item number PON/NA
100 ## - MAIN ENTRY--AUTHOR NAME
Personal name Ponnuswami,V
245 ## - TITLE STATEMENT
Title Nano food packaging: a new post harvest venture
260 ## - PUBLICATION, DISTRIBUTION, ETC. (IMPRINT)
Place of publication Delhi
Name of publisher Narendra Publishing House
Year of publication 2012
942 ## - ADDED ENTRY ELEMENTS (KOHA)
Koha item type Books
Holdings
Withdrawn status Lost status Damaged status Collection code Home library Current library Shelving location Date acquired Source of acquisition Cost, normal purchase price Full call number Accession Number Koha item type
      Non-fiction KAUAET KAUAET General Stacks 30/03/2013 A & A , Tvpm 995.00 664.092 PON/NA 23828 Books
free website counter